Historia y perspectivas de la jurisdicción administrativa en Francia y en América Latina Memorias (Registro nro. 25888)

Detalles MARC
000 -ENCABEZADO
Número de control [NR] 01009nam a2200229Ia 4500
008 - DE LONGITUD FIJA DE DATOS DE ELEMENTOS - INFORMACIÓN GENERAL
Elementos de longitud fija [NR] 130821s1999 ck gr spa
020 ## - NUMERO INTERNACIONAL NORMALIZADO PARA LIBROS [R]
Número Internacional Normalizado del libro [NR] 9583502103
040 ## - FUENTE DE CATALOGACION [NR]
Agencia de catalogación original [NR] Co-BoUCM
Idioma de catalogación [NR] spa
041 00 - CODIGO DE IDIOMA [R]
Código de idioma para texto/pista de sonido o título separado [R] Español
111 ## - ASIENTO PRINCIPAL--NOMBRE DE REUNION [NR]
Nombre de reunión o de jurisdicción como elemento de entrada [NR] Coloquio Conmemorativo del Bicentenario del Consejo de Estado Frances (
Fecha de la reunión [NR] 1997 : nov. 19-21
Lugar de la reunión [NR] Cartagena)
9 (RLIN) 120727
245 00 - MENCION DE TITULO [NR]
Título [NR] Historia y perspectivas de la jurisdicción administrativa en Francia y en América Latina Memorias
Mención de responsabilidad, etc. [NR] Compilador Libardo Rodríguez R.
260 ## - PUBLICACION, DISTRIBUCION, ETC. (PIE DE IMPRENTA) [R]
Lugar de publicación, distribución, etc. [R] Bogotá (Cundinamarca, Colombia)
Nombre del editor, distribuidor, etc. [R] [Editorial desconocida]
Fecha de publicación, distribución, etc. [R] 1999
300 ## - DESCRIPCION FISICA [R]
Extensión [R] 371 páginas
504 ## - NOTA DE BIBLIOGRAFIA, ETC. [R]
Nota de bibliografía, etc. [NR]
650 04 - ASIENTO SECUNDARIO DE MATERIA - TERMINO TEMATICO [R]
Término temático o nombre geográfico como elemento de entrada [NR] Derecho administrativo
Subdivisión de forma [R] Congresos, conferencias, etc.
9 (RLIN) 45310
700 ## - ASIENTO SECUNDARIO - NOMBRE PERSONAL [R]
Nombre personal [NR] Rodríguez Rodríguez, Libardo
Término de relación [R]
9 (RLIN) 53665
710 ## - ASIENTO SECUNDARIO - NOMBRE CORPORATIVO [R]
Nombre corporativo o de jurisdicción como elemento de entrada [NR] Colombia.
Unidad subordinada [R] Consejo de Estado
9 (RLIN) 4021
710 ## - ASIENTO SECUNDARIO - NOMBRE CORPORATIVO [R]
Nombre corporativo o de jurisdicción como elemento de entrada [NR] Colombia.
Unidad subordinada [R] Consejo Superior de La Judicatura
9 (RLIN) 4024
710 ## - ASIENTO SECUNDARIO - NOMBRE CORPORATIVO [R]
Nombre corporativo o de jurisdicción como elemento de entrada [NR] Francia.
Unidad subordinada [R] Consejo de Estado
9 (RLIN) 120728
942 ## - ELEMENTOS DE ENTRADA AGREGADOS (KOHA)
Tipo de ítem principal el descrito en 300a Libro
Tema principal Derecho
Edición 1
Parte restante de la signatura top. C65
Sistema de clasificación DEWEY
Clasificación 342.08
Existencias
Fecha de último préstamo Total préstamos Total Renewals Signatura topográfica Código de barras Última vez visto Volúmen / Fascículo Ejemplar Price effective from Tipo de ítem Perdido Sistema de clasificación Dañado No prestable Tipo de ítem específico Suprimido Ubicación habitual Ubicación actual Localización Fecha de creación Forma de adquisición Costo Costo de reposición Proveedor
09/08/2016 7 3 342.08 C65 100049348 08/06/2024 1997 Ej.1 03/02/2013 Libro   DEWEY     Libro   Bodega Bodega 3er piso 28/02/2003 Compra 26000.00    
      342.08 C65 100164415 06/12/2024 1997 Ej.4 07/10/2019 Libro   DEWEY     Libro   BodegaJK Claustro Préstamo 2 días después de solicitado 07/10/2019 Donación 0.00 26000.00 12